Best Defensive Lineman Of all time - Statistics

General Stats
  • This quiz has been taken 14 times
  • The average score is 6 of 16
Answer Stats
Hint Answer % Correct
Rams Aaron Donald
86%
Texans JJ Watt
71%
Packers Reggie White
64%
Bills Bruce Smith
57%
Rams Deacon Jones
50%
Buccaneers Warren Sapp
50%
Vikings Alan Page
43%
Dolphins Jason Taylor
43%
Giants Michael Strahan
36%
Buccaneer Lee Roy Selmon
21%
Steelers Mean Joe Greene
14%
Rams Merlin Olsen
14%
Vikings John Randle
7%
49ers Charles Haley
0%
Raiders Howie Long
0%
Rams Jack Youngblood
0%
No matching quizzes found
Score Distribution
Percent of People with Each Score
Percentile by Number Answered
Your Score History
You have not taken this quiz